<?xml version="1.0" encoding="UTF-8"?>
<record
    xmlns:xsi="http://www.w3.org/2001/XMLSchema-instance"
    xsi:schemaLocation="http://www.loc.gov/MARC21/slim http://www.loc.gov/standards/marcxml/schema/MARC21slim.xsd"
    xmlns="http://www.loc.gov/MARC21/slim">

  <leader>00594nam a22001337a 4500</leader>
  <datafield tag="040" ind1=" " ind2=" ">
    <subfield code="c">RUA</subfield>
  </datafield>
  <datafield tag="082" ind1=" " ind2=" ">
    <subfield code="a">AGR VON 2011 B049 Or.1</subfield>
  </datafield>
  <datafield tag="100" ind1=" " ind2=" ">
    <subfield code="a">VONG, SOPHA.</subfield>
  </datafield>
  <datafield tag="245" ind1=" " ind2=" ">
    <subfield code="a">Effect of nitrogent fertilization on growth and yield of tomato, &#x17A5;&#x1791;&#x17D2;&#x1792;&#x17B7;&#x1796;&#x179B;&#x1793;&#x17C3;&#x1780;&#x17C6;&#x179A;&#x17B7;&#x178F;&#x1787;&#x17B8;&#x17A2;&#x17CA;&#x17BB;&#x1799;&#x179A;&#x17C9;&#x17C1;&#x179B;&#x17BE;&#x1780;&#x17B6;&#x179A;&#x179B;&#x17BC;&#x178F;&#x179B;&#x17B6;&#x179F;&#x17CB; &#x1793;&#x17B7;&#x1784;&#x1791;&#x17B7;&#x1793;&#x17D2;&#x1793;&#x1795;&#x179B;&#x178A;&#x17C6;&#x178E;&#x17B6;&#x17C6;&#x1794;&#x17C9;&#x17C1;&#x1784;&#x1794;&#x17C9;&#x17C4;&#x17C7;</subfield>
  </datafield>
  <datafield tag="260" ind1=" " ind2=" ">
    <subfield code="a">Phnom Penh</subfield>
    <subfield code="b">RUA</subfield>
    <subfield code="c">2011</subfield>
  </datafield>
  <datafield tag="300" ind1=" " ind2=" ">
    <subfield code="a">xii, 32p.</subfield>
    <subfield code="b">ill.</subfield>
    <subfield code="c">29cm.</subfield>
  </datafield>
  <datafield tag="856" ind1=" " ind2=" ">
    <subfield code="u">https://drive.google.com/file/d/1BkTQXeyNef5MK_tUmys9yN0DEqlovYdX/view?usp=sharing</subfield>
  </datafield>
  <datafield tag="942" ind1=" " ind2=" ">
    <subfield code="c">AGR</subfield>
  </datafield>
  <datafield tag="999" ind1=" " ind2=" ">
    <subfield code="c">1286</subfield>
    <subfield code="d">1286</subfield>
  </datafield>
  <datafield tag="952" ind1=" " ind2=" ">
    <subfield code="0">0</subfield>
    <subfield code="1">0</subfield>
    <subfield code="2">ddc</subfield>
    <subfield code="4">0</subfield>
    <subfield code="6">AGR_VON_2011_000000000000000_B049_OR_1</subfield>
    <subfield code="7">0</subfield>
    <subfield code="9">5494</subfield>
    <subfield code="a">LBB</subfield>
    <subfield code="b">LBB</subfield>
    <subfield code="c">B049</subfield>
    <subfield code="d">2015-09-26</subfield>
    <subfield code="l">1</subfield>
    <subfield code="o">AGR VON 2011 B049 Or.1</subfield>
    <subfield code="p">RUA006201</subfield>
    <subfield code="r">2026-02-02</subfield>
    <subfield code="s">2026-01-05</subfield>
    <subfield code="w">2015-09-26</subfield>
    <subfield code="y">AGR</subfield>
  </datafield>
  <datafield tag="952" ind1=" " ind2=" ">
    <subfield code="0">0</subfield>
    <subfield code="1">0</subfield>
    <subfield code="2">ddc</subfield>
    <subfield code="4">0</subfield>
    <subfield code="6">AGR_VON_2011_000000000000000_B049_OR_2</subfield>
    <subfield code="7">0</subfield>
    <subfield code="9">5495</subfield>
    <subfield code="a">LBB</subfield>
    <subfield code="b">LBB</subfield>
    <subfield code="c">B049</subfield>
    <subfield code="d">2015-09-26</subfield>
    <subfield code="l">2</subfield>
    <subfield code="o">AGR VON 2011 B049 Or.2</subfield>
    <subfield code="p">RUA006058</subfield>
    <subfield code="r">2026-03-03</subfield>
    <subfield code="s">2026-02-06</subfield>
    <subfield code="w">2015-09-26</subfield>
    <subfield code="y">AGR</subfield>
  </datafield>
  <datafield tag="952" ind1=" " ind2=" ">
    <subfield code="0">0</subfield>
    <subfield code="1">0</subfield>
    <subfield code="2">ddc</subfield>
    <subfield code="4">0</subfield>
    <subfield code="6">AGR_VON_2011_000000000000000_B049_OR_3</subfield>
    <subfield code="7">0</subfield>
    <subfield code="9">5496</subfield>
    <subfield code="a">LBB</subfield>
    <subfield code="b">LBB</subfield>
    <subfield code="c">B049</subfield>
    <subfield code="d">2015-09-26</subfield>
    <subfield code="l">3</subfield>
    <subfield code="o">AGR VON 2011 B049 Or.3</subfield>
    <subfield code="p">RUA000351</subfield>
    <subfield code="r">2018-09-21</subfield>
    <subfield code="s">2018-09-03</subfield>
    <subfield code="w">2015-09-26</subfield>
    <subfield code="y">AGR</subfield>
  </datafield>
  <datafield tag="952" ind1=" " ind2=" ">
    <subfield code="0">0</subfield>
    <subfield code="1">0</subfield>
    <subfield code="2">ddc</subfield>
    <subfield code="4">0</subfield>
    <subfield code="6">AGR_VON_2011_000000000000000_B049_OR_4</subfield>
    <subfield code="7">0</subfield>
    <subfield code="9">5497</subfield>
    <subfield code="a">LBB</subfield>
    <subfield code="b">LBB</subfield>
    <subfield code="c">B049</subfield>
    <subfield code="d">2015-09-26</subfield>
    <subfield code="l">1</subfield>
    <subfield code="o">AGR VON 2011 B049 Or.4</subfield>
    <subfield code="p">RUA016857</subfield>
    <subfield code="r">2016-07-27</subfield>
    <subfield code="s">2016-07-23</subfield>
    <subfield code="w">2015-09-26</subfield>
    <subfield code="y">AGR</subfield>
  </datafield>
  <datafield tag="952" ind1=" " ind2=" ">
    <subfield code="0">0</subfield>
    <subfield code="1">0</subfield>
    <subfield code="2">ddc</subfield>
    <subfield code="4">0</subfield>
    <subfield code="6">AGR_VON_2011_000000000000000_B049_OR_5</subfield>
    <subfield code="7">0</subfield>
    <subfield code="9">36423</subfield>
    <subfield code="a">LBB</subfield>
    <subfield code="b">LBB</subfield>
    <subfield code="c">B049</subfield>
    <subfield code="d">2016-01-26</subfield>
    <subfield code="l">2</subfield>
    <subfield code="o">AGR VON 2011 B049 Or.5</subfield>
    <subfield code="p">RUA41488</subfield>
    <subfield code="r">2024-11-28</subfield>
    <subfield code="s">2024-11-28</subfield>
    <subfield code="w">2016-01-26</subfield>
    <subfield code="y">AGR</subfield>
  </datafield>
</record>
